Normal view
MARC view
- Serruys, Patrick W
Entry Personal Name
001 - CONTROL NUMBER
- control field: 131287
003 - CONTROL NUMBER IDENTIFIER
- control field: NUST
005 - DATE AND TIME OF LATEST TRANSACTION
- control field: 20251020144226.0
008 - FIXED-LENGTH DATA ELEMENTS
- fixed length control field: 251020|| aca||aabn | a|a d
040 ## - CATALOGING SOURCE
- Original cataloging agency: NUST
- Transcribing agency: NUST
100 ## - HEADING--PERSONAL NAME
- Personal name: Serruys, Patrick W
670 ## - SOURCE DATA FOUND
- Source citation: Work cat.: (NUST): Serruys, Patrick W, Handbook of Coronary Stents, 1998
